00434nam a2200121 i 4500001000700000003000900007007000300016008004100019245017000060260003500230300002600265852002100291115708ES-MaACLt|070504s1933 sp ||||1| spa d03aUn gran triunfo de Colombia b: los derechos de Colombia y la actitud del gobierno del Perú juzgados por la Sociedad de Naciones y los Estados Unidos de América. aMadrid : bJuan Pueyo, c1933. a100, IV p. ; c20 cm. aES-MaACLjB-8149